| 000 -LEADER |
| fixed length control field |
01478nam a22001577a 4500 |
| 008 - FIXED-LENGTH DATA ELEMENTS--GENERAL INFORMATION |
| fixed length control field |
230223b ||||| |||| 00| 0 eng d |
| 100 ## - MAIN ENTRY--PERSONAL NAME |
| Personal name |
Kim, Yunji and Warner, Mildred E. |
| 245 ## - TITLE STATEMENT |
| Title |
Pragmatic municipalism or austerity urbanism? Understanding local government responses to fiscal stress |
| 260 ## - PUBLICATION, DISTRIBUTION, ETC. (IMPRINT) |
| Place of publication, distribution, etc |
Local Government Studies |
| 300 ## - PHYSICAL DESCRIPTION |
| Extent |
47(2), Apr, 2021: p.234-252 |
| 520 ## - SUMMARY, ETC. |
| Summary, etc |
While national governments responded to the Great Recession with austerity, local government responses were varied. Two contrasting views are found in the literature: ‘austerity urbanism’ and ‘pragmatic municipalism’. We argue austerity urbanism best reflects local responses in contexts where local governments have limited autonomy and cuts in local government aid have been severe, such as Detroit in the US, England, and the southern states in the EU. Pragmatic municipalism best explains local responses in contexts where local governments have more fiscal autonomy, as in the US. Differences in state-local relations as well as methodology (case study or large-scale analysis) lead to these two different views. While responses to fiscal stress differ, we find the process opens up local government services to more marketisation in both contexts. – Reproduced |
| 650 ## - SUBJECT ADDED ENTRY--TOPICAL TERM |
| Topical term or geographic name as entry element |
Local government, Austerity urbanism, Pragmatic municipalism, Fiscal stress, Great recession. |
| 9 (RLIN) |
35910 |
| 773 ## - HOST ITEM ENTRY |
| Main entry heading |
Local Government Studies |
| 906 ## - LOCAL DATA ELEMENT F, LDF (RLIN) |
| Subject DIP |
LOCAL GOVERNMENT |
| 942 ## - ADDED ENTRY ELEMENTS (KOHA) |
| Item type |
Articles |